Noms d'artistes ou de groupes traduits littéralement - Statistiques

Statistiques générales
  • Ce quiz a été pris 34 fois
  • Le résultat moyen est 7 sur 20
Statistiques - réponses
Artiste Indice Réponse % Correct
Courant Alternatif/Courant Continu Highway To Hell AC/DC
81%
Les CRS Roxanne The Police
81%
Mouvements Oculaires Rapides Losing My Religion R.E.M.
72%
Le Remède Boys Don't Cry The Cure
63%
Amélie Distillerie Back to Black Amy Winehouse
59%
Primates Polaires Do I Wanna Know ? Arctic Monkeys
59%
Supertraînée Breakfast In America Supertramp
47%
Piqûre Englishman In New York Sting
41%
Nico Grotte & les Mauvaises Graines Red Right Hand Nick Cave & the Bad Seeds
31%
Paryah Hey Ya ! Outkast
31%
Châteaux de Verre Crimewave Crystal Castles
19%
Antilope Apprivoisée The Less I Know The Better Tame Impala
19%
Les Fantasmes You Really Got Me The Kinks
19%
Les Parents California Dreamin' The Mama's and the Papa's
16%
Les Forgerons There Is a Light That Never Goes Out The Smiths
16%
Colline des Cyprès Insane in the Brain Cypress Hill
13%
Clous de 22,8 Centimètres Closer Nine Inch Nails
13%
Pinnochio Iron Woodkid
13%
Déchet Only Happy When It Rains Garbage
9%
Étoile Labyrinthique Fade Into You Mazzy Star
9%
Aucun quiz correspondant
Distribution des résultats
% des personnes avec chaque résultat
Percentile par nombre de réponses
Votre historique - résultats
Vous n’avez pas pris ce quiz